[Event "Nationale III"]
[Site "?"]
[Date "2014.11.16"]
[Round "2.1"]
[White "Bouchaud, V."]
[Black "Dimarchut, F.E."]
[Result "0-1"]
[WhiteElo "2126"]
[BlackElo "2167"]
[PlyCount "144"]
[EventDate "2014.11.17"]
[SourceDate "2014.10.13"]
[WhiteTeam "Drancy"]
[BlackTeam "Rybeja Paris"]

1. c4 e5 2. Nc3 Bb4 3. Qc2 Nf6 4. Nf3 Nc6 5. e3 O-O 6. a3 Bxc3 7. Qxc3 Re8 8.
d3 d5 9. cxd5 Nxd5 10. Qc5 Be6 11. b4 f6 12. Be2 Qd7 13. O-O b6 14. Qc2 a5 15.
bxa5 Nxa5 16. Bb2 Ne7 17. Nd2 Red8 18. Rfd1 Kh8 19. Rac1 c5 20. Nc4 Qa7 21.
Nxa5 Qxa5 22. Bf3 Rac8 23. Rd2 Bb3 24. Qc3 Qa4 25. Bd1 Bxd1 26. Rcxd1 Qg4 27.
h3 Qg6 28. Qb3 Rd6 29. d4 Rcd8 30. Kh2 Nf5 31. g3 exd4 32. exd4 Nxd4 33. Bxd4
cxd4 34. Rd3 Qe4 35. Qb4 f5 36. Qd2 h6 37. Re1 Qd5 38. Qe2 Rc6 39. Red1 Rcd6
40. Re1 Qc4 41. Qf3 Qd5 42. Qe2 Kh7 43. Kg1 R8d7 44. Qe8 Rc7 45. Red1 Rc4 46.
Qe2 Qc5 47. Qf3 Rc3 48. Qf4 Rc4 49. Qf3 Qe5 50. Qa8 Rc2 51. Qg2 Rc3 52. Qf1 Qc5
53. Ra1 Qc4 54. Rad1 Qc5 55. Ra1 b5 56. Qd1 Qc4 57. Rxc3 Qxc3 58. Rb1 d3 59.
Qf3 Qc5 60. Rd1 d2 61. Kf1 Kg6 62. h4 Qc4+ 63. Qe2 f4 64. gxf4 Kf5 65. f3 Kxf4
66. Kf2 Qxe2+ 67. Kxe2 g5 68. hxg5 hxg5 69. Kf2 Rd8 70. Ke2 Kg3 71. Rg1+ Kh2
72. Rd1 Kg2 0-1

[Event "Nationale III"]
[Site "?"]
[Date "2014.11.16"]
[Round "2.2"]
[White "Licayan, A."]
[Black "Martine, J-C."]
[Result "1/2-1/2"]
[WhiteElo "2030"]
[BlackElo "2069"]
[PlyCount "80"]
[EventDate "2014.??.??"]
[SourceDate "2014.10.13"]
[WhiteTeam "Rybeja Paris"]
[BlackTeam "Drancy"]

1. e4 d6 2. d4 Nf6 3. Nc3 c6 4. Be2 Qc7 5. Be3 e5 6. d5 Be7 7. h3 O-O 8. Rc1
Nbd7 9. Bf3 Nb6 10. Bxb6 Qxb6 11. b3 cxd5 12. Nxd5 Nxd5 13. Qxd5 {=} Bg5 14.
Rd1 Qb4+ 15. Kf1 Rd8 16. Ne2 Be6 17. Qd3 Rac8 18. c4 a6 19. g3 b5 20. cxb5 Qxb5
21. Kg2 Qxd3 22. Rxd3 Rc2 23. Ra1 Be7 24. Nc3 Rc8 25. Nd5 Bxd5 26. Rxd5 Rb2 27.
Bd1 Rc5 28. Rxc5 dxc5 29. Kf3 Rd2 30. Be2 a5 31. Bc4 Kf8 32. h4 g6 33. Ke3 Rd4
34. a4 f5 35. f3 Kg7 36. Bd5 Kf6 37. Rh1 Bf8 38. Ke2 h6 39. g4 f4 40. h5 g5
1/2-1/2

[Event "Nationale III"]
[Site "?"]
[Date "2014.11.16"]
[Round "2.3"]
[White "Lepot, S."]
[Black "Bannery, B."]
[Result "1-0"]
[WhiteElo "2087"]
[BlackElo "2003"]
[PlyCount "67"]
[EventDate "2014.??.??"]
[SourceDate "2014.10.13"]
[WhiteTeam "Drancy"]
[BlackTeam "Rybeja Paris"]

1. e4 e6 2. d4 d5 3. Nc3 Bb4 4. e5 c5 5. Bd2 cxd4 6. Nb5 Be7 7. Qg4 Kf8 8. Nxd4
Nc6 9. Ngf3 Bd7 10. Bd3 h5 11. Qf4 Nxd4 12. Nxd4 g5 13. Qf3 Kg7 14. O-O f5 15.
exf6+ Bxf6 16. Bc3 e5 17. Nf5+ Bxf5 18. Qxf5 Ne7 19. Qf3 Qb6 20. Qg3 d4 21. Bd2
g4 22. h3 Qe6 23. f3 Ng6 24. fxg4 hxg4 25. Bf5 Qe8 26. Qxg4 Rh4 27. Qg3 e4 28.
Bg5 Bxg5 29. Qxg5 Rh6 30. Rae1 e3 31. Bd3 Rd8 32. Rf6 a6 33. Bxg6 Rd5 34. Bf5+
1-0

[Event "Nationale III"]
[Site "?"]
[Date "2014.11.16"]
[Round "2.4"]
[White "Fernandez, F."]
[Black "Titli, V-C."]
[Result "1/2-1/2"]
[WhiteElo "1942"]
[BlackElo "2049"]
[PlyCount "107"]
[EventDate "2014.??.??"]
[SourceDate "2014.10.13"]
[WhiteTeam "Rybeja"]
[BlackTeam "Drancy"]

1. d4 d5 2. Nf3 Nf6 3. e3 c6 4. c4 e6 5. Bd3 Bd6 6. Nbd2 Nbd7 7. O-O e5 8. cxd5
cxd5 9. dxe5 Nxe5 10. Nxe5 Bxe5 11. Nf3 Bd6 12. Bb5+ Bd7 13. Qe2 O-O 14. Bxd7
Qxd7 15. b3 Rfd8 16. Bb2 Be7 17. Rac1 Rac8 18. Qd3 a6 19. Rfd1 Rxc1 20. Rxc1 h6
21. h3 Ne4 22. Qc2 Bd6 23. Bd4 Ba3 24. Bb2 Bxb2 25. Qxb2 Rc8 26. Nd4 Nf6 27.
Rc2 Rxc2 28. Qxc2 Ne8 29. Kf1 Qc7 30. Ke2 Qxc2+ 31. Nxc2 Kf8 32. Kd3 Ke7 33.
Kd4 Kd6 34. f3 Nc7 35. a4 Ne6+ 36. Kc3 g6 37. Nd4 Nc5 38. g4 Ke5 39. a5 f5 40.
gxf5 gxf5 41. b4 Nd7 42. Kd3 f4 43. Ne2 fxe3 44. Kxe3 Nf6 45. f4+ Kd6 46. Ng3
Kc6 47. Kd4 Kb5 48. Kc3 d4+ 49. Kb3 d3 50. Nf5 Kc6 51. Kc3 Nd5+ 52. Kxd3 Nxf4+
53. Kc4 Nxh3 54. Nxh6 1/2-1/2

[Event "Nationale III"]
[Site "?"]
[Date "2014.11.16"]
[Round "2.5"]
[White "Grigoriou, S."]
[Black "Bourogaa, Y."]
[Result "1-0"]
[WhiteElo "2031"]
[BlackElo "1867"]
[PlyCount "81"]
[EventDate "2014.??.??"]
[SourceDate "2014.10.13"]
[WhiteTeam "Drancy"]
[BlackTeam "Rybeja Paris"]

1. Nf3 Nf6 2. g3 g6 3. Bg2 Bg7 4. c4 c6 5. Nc3 d5 6. cxd5 cxd5 7. d3 Nc6 8. Bf4
Nh5 9. Bd2 O-O 10. Rc1 e6 11. a3 a6 12. O-O Bd7 13. Rc2 Ne5 14. Qc1 Nxf3+ 15.
Bxf3 Rc8 16. Bh6 Bxh6 17. Qxh6 d4 18. Bxh5 dxc3 19. Bf3 cxb2 20. Rxb2 Rc3 21.
Rb4 Qf6 22. Rxb7 Bb5 23. Rc1 Rxa3 24. Bc6 Ra2 25. Qe3 Qb2 26. Bxb5 axb5 27. Re1
Qc3 28. Kf1 Qc6 29. Qe4 Qxe4 30. dxe4 Rb2 31. Rd1 h5 32. Rdd7 b4 33. f4 b3 34.
Kf2 Rc8 35. Rxf7 Rcc2 36. Rfc7 Rxe2+ 37. Kf3 Rf2+ 38. Ke3 Rbe2+ 39. Kd4 Rd2+
40. Ke5 Rd8 41. Kf6 1-0

[Event "Nationale III"]
[Site "?"]
[Date "2014.11.16"]
[Round "2.6"]
[White "Arby, T."]
[Black "Ohanov, D."]
[Result "0-1"]
[WhiteElo "1930"]
[BlackElo "1938"]
[PlyCount "52"]
[EventDate "2014.??.??"]
[SourceDate "2014.10.13"]
[WhiteTeam "Rybeja"]
[BlackTeam "Drancy"]

1. e4 e5 2. Nf3 Nc6 3. Bc4 Bc5 4. b4 Bxb4 5. c3 Be7 6. d4 d6 7. Qb3 Na5 8.
Bxf7+ Kf8 9. Qa4 Kxf7 10. Qxa5 b6 11. Qd5+ Be6 12. Qc6 Bf6 13. d5 Bg4 14. Qc4
h6 15. Na3 Ne7 16. h4 Bh5 17. Ng5+ hxg5 18. hxg5 Ng8 19. gxf6 Be2 20. fxg7
Rxh1+ 21. Kxe2 Qd7 22. f3 Ne7 23. Nb5 a6 24. Na3 Ng6 25. Nc2 b5 26. Qd3 Rxc1
0-1

[Event "Nationale III"]
[Site "?"]
[Date "2014.11.16"]
[Round "2.7"]
[White "Desportes, G."]
[Black "Areola, R."]
[Result "1-0"]
[WhiteElo "1940"]
[BlackElo "1860"]
[PlyCount "75"]
[EventDate "2014.??.??"]
[SourceDate "2014.10.13"]
[WhiteTeam "Drancy"]
[BlackTeam "Rybeja"]

1. d4 Nf6 2. Nf3 g6 3. g3 Bg7 4. Bg2 O-O 5. O-O d6 6. c4 Nbd7 7. Qc2 e5 8. Rd1
Qe7 9. Nc3 c6 10. e4 h6 11. b3 exd4 12. Nxd4 a6 13. f3 Ne8 14. Bf4 g5 15. Be3
Qf6 16. Rac1 Ne5 17. Rf1 Qg6 18. g4 b5 19. cxb5 axb5 20. Nxc6 Nxc6 21. Nd5 Qe6
22. Qxc6 Bd7 23. Qxa8 Qe5 24. Qa7 Be6 25. Rfd1 Bxd5 26. Rxd5 Qb2 27. Rcd1 b4
28. Bd4 Bxd4+ 29. Qxd4 Qxa2 30. Qxb4 Ng7 31. R5d2 Qa7+ 32. Qd4 Qa3 33. Ra1 Qxb3
34. Rb2 Qe6 35. Rb6 Qg6 36. Rxd6 Ne6 37. Qe5 Re8 38. Bf1 1-0

[Event "Nationale III"]
[Site "?"]
[Date "2014.11.16"]
[Round "2.8"]
[White "Benhaim, L."]
[Black "Vasseur, JP."]
[Result "0-1"]
[WhiteElo "1848"]
[BlackElo "1886"]
[PlyCount "78"]
[EventDate "2014.??.??"]
[SourceDate "2014.10.13"]
[WhiteTeam "Rybeja"]
[BlackTeam "Drancy"]

1. e4 Nf6 2. e5 Nd5 3. d4 d6 4. Nf3 c6 5. Be2 dxe5 6. Nxe5 Nd7 7. O-O Nxe5 8.
dxe5 Be6 9. c4 Nb6 10. b3 g6 11. Bb2 Bg7 12. Nd2 O-O 13. Ne4 Nd7 14. f4 Qc7 15.
Qe1 Bf5 16. Ng3 e6 17. Nxf5 exf5 18. Rd1 Rfd8 19. Bf3 Nf8 20. Qe3 Ne6 21. b4
Qb6 22. Rxd8+ Rxd8 23. Qxb6 axb6 24. Bc1 Rd3 25. Be2 Rc3 26. Rd1 Rc2 27. Kf2
Rxa2 28. Rd7 c5 29. Be3 cxb4 30. Rxb7 Bf8 31. Rxb6 Ra3 32. Rb8 Kg7 33. Rb5 Rc3
34. Bd2 Rc2 35. Be3 h5 36. g3 {=} Rb2 37. h3 Rb3 38. c5 Rc3 39. Rxb4 {=} Rxe3
0-1

[Event "Nationale II"]
[Site "?"]
[Date "2014.11.16"]
[Round "2.1"]
[White "McClain, D."]
[Black "Demarre, J."]
[Result "0-1"]
[WhiteElo "2321"]
[BlackElo "2192"]
[PlyCount "78"]
[EventDate "2014.??.??"]
[SourceDate "2014.10.13"]
[WhiteTeam "Drancy"]
[BlackTeam "Issy 3"]

1. c4 Nf6 2. g3 e6 3. Bg2 d5 4. Nf3 c6 5. b3 Be7 6. O-O O-O 7. Bb2 Nbd7 8. d4
a5 9. Nc3 Re8 10. Qd3 b6 11. e4 dxc4 12. bxc4 Ba6 13. Rfd1 Qc7 14. Bf1 Rad8 15.
Qe3 e5 16. d5 Ng4 17. Qc1 Bc5 18. Rd2 h6 19. h3 Ngf6 20. Qc2 cxd5 21. cxd5 Bxf1
22. Kxf1 Bb4 23. Re2 Rc8 24. Rc1 Qc4 25. Qb1 Qa6 26. Ne1 Nc5 27. f3 Nh5 28. Kf2
Bxc3 29. Bxc3 Nxg3 30. Rb2 Nh5 31. Rxb6 Qa7 32. Ke2 Nf4+ 33. Kd1 Na4 34. Rc6
Rxc6 35. dxc6 Rd8+ 36. Kc2 Qf2+ 37. Kb3 Rb8+ 38. Kxa4 Rxb1 39. Rxb1 Qxa2+ 0-1

[Event "Nationale II"]
[Site "?"]
[Date "2014.11.16"]
[Round "2.2"]
[White "Herve, P."]
[Black "Nemirovski, S."]
[Result "0-1"]
[WhiteElo "2057"]
[BlackElo "2213"]
[PlyCount "80"]
[EventDate "2014.??.??"]
[SourceDate "2014.10.13"]
[WhiteTeam "Issy 3"]
[BlackTeam "Drancy"]

1. e4 e6 2. d4 d5 3. e5 c5 4. c3 Ne7 5. Nf3 Nec6 6. a3 a5 7. Bd3 b6 8. O-O Ba6
9. a4 Bxd3 10. Qxd3 Be7 11. Bf4 O-O 12. Na3 Qd7 13. Rfd1 c4 14. Qe2 Na7 15. Nc2
b5 16. axb5 Qxb5 17. Bg5 Re8 18. Bxe7 Rxe7 19. Rdb1 Rb7 20. Ne3 Qb3 21. Nd2 Qb6
22. Nexc4 dxc4 23. Nxc4 Qd8 24. Rxa5 Nbc6 25. Ra6 Rab8 26. Nd6 Rb3 27. Qc2 Qc7
28. Qe4 Rxb2 29. Rxb2 Rxb2 30. h4 Rb8 31. h5 h6 32. c4 Qe7 33. Nb5 Nxb5 34.
cxb5 Nb4 35. Rd6 Nd5 36. Qd3 Qg5 37. Qc4 Qxh5 38. b6 Qd1+ 39. Kh2 Qh5+ 40. Kg1
Rxb6 0-1

[Event "Nationale II"]
[Site "?"]
[Date "2014.11.16"]
[Round "2.3"]
[White "Ben Khelifa, N."]
[Black "Troffiguer, O."]
[Result "1-0"]
[WhiteElo "2124"]
[BlackElo "2189"]
[PlyCount "73"]
[EventDate "2014.??.??"]
[SourceDate "2014.10.13"]
[WhiteTeam "Drancy"]
[BlackTeam "Issy 3"]

1. d4 Nf6 2. Nf3 e6 3. c4 b6 4. g3 Ba6 5. Qc2 Bb4+ 6. Nbd2 O-O 7. Bg2 Bb7 8.
O-O d5 9. Ne5 Nbd7 10. cxd5 Nxe5 11. dxe5 Nxd5 12. Nf3 Be7 13. a3 c5 14. Rd1
Qc8 15. Bg5 h6 16. Bd2 Nc7 17. Qa4 Qe8 18. Qg4 f5 19. exf6 Rxf6 20. Bc3 Rg6 21.
Qh3 Nd5 22. Ne5 Nf4 23. gxf4 Rxg2+ 24. Kf1 Bf6 25. f3 Bxe5 26. Qxg2 Bxc3 27.
bxc3 Rd8 28. Qg4 Rxd1+ 29. Rxd1 Bd5 30. f5 Bb3 31. Rd3 exf5 32. Qxf5 Be6 33.
Re3 Bxf5 34. Rxe8+ Kf7 35. Ra8 b5 36. Rxa7+ Kf6 37. Rb7 1-0

[Event "Nationale II"]
[Site "?"]
[Date "2014.11.16"]
[Round "3.4"]
[White "Elkaim, O."]
[Black "Guillon, C."]
[Result "1-0"]
[WhiteElo "2156"]
[BlackElo "2036"]
[PlyCount "65"]
[EventDate "2014.??.??"]
[SourceDate "2014.10.13"]
[WhiteTeam "Issy 3"]
[BlackTeam "Drancy"]

1. e4 c5 2. Nf3 Nc6 3. d4 cxd4 4. Nxd4 Nf6 5. Nc3 e5 6. Ndb5 d6 7. Bg5 a6 8.
Na3 b5 9. Bxf6 gxf6 10. Nd5 f5 11. g3 fxe4 12. Bg2 Bg7 13. Bxe4 O-O 14. Ne3 Qc7
15. Qh5 Rd8 16. Qxh7+ Kf8 17. O-O Rb8 18. c3 Ne7 19. Nd5 Nxd5 20. Bxd5 Qc5 21.
Rfd1 b4 22. cxb4 Rxb4 23. Nc2 Rxb2 24. Ne3 Bd7 25. Rac1 Qa7 26. Rc4 Rc8 27.
Rxc8+ Bxc8 28. Rc1 Rb8 29. Rxc8+ Rxc8 30. Nf5 Rc1+ 31. Kg2 Ke8 32. Qxg7 Kd8 33.
Qg5+ 1-0

[Event "Nationale II"]
[Site "?"]
[Date "2014.11.16"]
[Round "2.5"]
[White "Hagege, G."]
[Black "Bucaille, G."]
[Result "1-0"]
[WhiteElo "2194"]
[BlackElo "2045"]
[PlyCount "77"]
[EventDate "2014.??.??"]
[SourceDate "2014.10.13"]
[WhiteTeam "Drancy"]
[BlackTeam "Issy 3"]

1. e4 c5 2. Nf3 d6 3. d4 cxd4 4. Nxd4 Nf6 5. Nc3 Nc6 6. Be2 e5 7. Nb3 Be7 8.
Be3 O-O 9. O-O Be6 10. f4 exf4 11. Bxf4 d5 12. e5 Ne4 13. Nxe4 dxe4 14. c3 Qb6+
15. Kh1 Rad8 16. Qc2 Bf5 17. Nd2 Rxd2 18. Qxd2 Bg6 19. b4 Rd8 20. Qc1 Bf8 21.
a4 Re8 22. a5 Qd8 23. Bb5 Nxe5 24. Bxe8 Qxe8 25. Qe3 Nd3 26. Bg3 a6 27. Rad1
Qe7 28. Rb1 h6 29. b5 axb5 30. Rxb5 h5 31. h4 Qd7 32. Rfb1 Qg4 33. a6 bxa6 34.
Rb8 Qf5 35. Rxf8+ Kxf8 36. Rb8+ Ke7 37. Qa7+ Ke6 38. Qxa6+ Kd5 39. Qd6+ 1-0

[Event "Nationale II"]
[Site "?"]
[Date "2014.11.16"]
[Round "2.6"]
[White "Duffau, P."]
[Black "Mazet, J."]
[Result "0-1"]
[WhiteElo "2004"]
[BlackElo "2086"]
[PlyCount "64"]
[EventDate "2014.??.??"]
[SourceDate "2014.10.13"]
[WhiteTeam "Issy 3"]
[BlackTeam "Drancy"]

1. Nf3 d5 2. c4 e6 3. e3 Nf6 4. Nc3 Be7 5. d4 O-O 6. Bd3 c5 7. O-O Nc6 8. a3
cxd4 9. exd4 b6 10. Re1 Bb7 11. Bg5 dxc4 12. Bxc4 Na5 13. Bd3 Nd5 14. Bxe7 Qxe7
15. Ne4 Nf4 16. Bc2 Rac8 17. Ne5 Ng6 18. Qd3 Rfd8 19. Nxg6 hxg6 20. Rad1 Nc4
21. Qb3 Nd6 22. Nc3 Qg5 23. d5 exd5 24. Nxd5 Rxc2 25. h4 Bxd5 26. Rxd5 Rxb2 27.
Qd3 Qxh4 28. Qd4 Qxd4 29. Rxd4 Re8 30. Rxe8+ Nxe8 31. Rd8 Kf8 32. Ra8 a5 0-1

[Event "Nationale II"]
[Site "?"]
[Date "2014.11.16"]
[Round "2.7"]
[White "Roumegous, E."]
[Black "Nepomiachty, A ."]
[Result "1-0"]
[WhiteElo "2019"]
[BlackElo "2011"]
[PlyCount "61"]
[EventDate "2014.??.??"]
[SourceDate "2014.10.13"]
[WhiteTeam "Drancy"]
[BlackTeam "Issy 3"]

1. d4 Nf6 2. c4 g6 3. f3 Bg7 4. e4 d6 5. Be3 O-O 6. Ne2 e5 7. d5 c6 8. Qd2 cxd5
9. cxd5 Nbd7 10. Nbc3 a6 11. O-O-O b5 12. Kb1 Nc5 13. Rc1 Bd7 14. g4 Qb8 15.
Ng3 Rc8 16. h4 Na4 17. h5 Nxc3+ 18. Rxc3 Rxc3 19. Qxc3 b4 20. Qd2 Qb7 21. hxg6
hxg6 22. Bh6 Bh8 23. Qh2 Rc8 24. Nf5 Bxf5 25. gxf5 Nh5 26. Bh3 Re8 27. Bg4 Nf6
28. fxg6 Nxg4 29. gxf7+ Kxf7 30. Qh5+ Ke7 31. Qxg4 1-0

[Event "Nationale II"]
[Site "?"]
[Date "2014.11.16"]
[Round "2.8"]
[White "Lapchin, S."]
[Black "Barakoff, A."]
[Result "1/2-1/2"]
[WhiteElo "1547"]
[BlackElo "1595"]
[PlyCount "104"]
[EventDate "2014.??.??"]
[SourceDate "2014.10.13"]
[WhiteTeam "Issy 3"]
[BlackTeam "Drancy"]

1. e4 c5 2. c3 e6 3. d4 d5 4. exd5 exd5 5. Nf3 c4 6. Be2 Nf6 7. Nbd2 Be7 8. O-O
O-O 9. b3 cxb3 10. axb3 Nc6 11. Qc2 Be6 12. Bd3 Rc8 13. Qb1 a6 14. Ng5 h6 15.
Nxe6 fxe6 16. Re1 Qd7 17. Nf3 Bd6 18. Bd2 Rce8 19. Bg6 Rc8 20. Qd3 Ne7 21. Ne5
Bxe5 22. Rxe5 Ng4 23. Re2 Qd6 24. Qh3 Nxg6 25. Qxg4 Rf6 26. Rae1 Re8 27. g3 e5
28. f3 Rfe6 29. Kf2 b5 30. h4 Nf8 31. dxe5 Rxe5 32. Be3 R5e6 33. Bd4 Rxe2+ 34.
Rxe2 Rxe2+ 35. Kxe2 Qe6+ 36. Qxe6+ Nxe6 37. Be5 Kf7 38. h5 g5 39. hxg6+ Kxg6
40. f4 h5 41. b4 Kf5 42. Kf3 Nd8 43. Bd6 Nc6 44. Bc5 a5 45. bxa5 Nxa5 46. Bd6
Nc6 47. Bc5 Nd8 48. Be7 Nc6 49. Bh4 d4 50. cxd4 Nxd4+ 51. Ke3 Nc6 52. Kd3 Ke6
1/2-1/2

[Event "Nationale I"]
[Site "?"]
[Date "2014.11.16"]
[Round "3.1"]
[White "Petkov, V."]
[Black "Tirard, H."]
[Result "1/2-1/2"]
[WhiteElo "2527"]
[BlackElo "2440"]
[PlyCount "77"]
[EventDate "2014.??.??"]
[SourceDate "2014.10.13"]
[WhiteTeam "Drancy"]
[BlackTeam "Grand Quevilly"]

1. d4 Nf6 2. c4 c5 3. d5 b5 4. cxb5 a6 5. e3 axb5 6. Bxb5 Qa5+ 7. Nc3 Bb7 8.
Bd2 Qb6 9. a4 Nxd5 10. Nxd5 Bxd5 11. Nf3 e6 12. Bc3 Be7 13. Ne5 O-O 14. O-O Qb7
15. Re1 Bf6 16. f3 Qc7 17. Nd3 Bxc3 18. bxc3 d6 19. Qd2 Bc6 20. c4 Nd7 21. Red1
Rfb8 22. Nf4 Bxb5 23. axb5 Rxa1 24. Rxa1 Nb6 25. Qd3 Rd8 26. Ra6 h6 27. Qc3 d5
28. cxd5 exd5 29. Nd3 c4 30. Ne5 Qc5 31. Qd4 Qxd4 32. exd4 Rb8 33. Kf2 f6 34.
Nc6 Rb7 35. Ke3 Kf8 36. Na5 Rb8 37. Nc6 Rb7 38. Na5 Rb8 39. Nc6 1/2-1/2

[Event "Nationale I"]
[Site "?"]
[Date "2014.11.16"]
[Round "3.2"]
[White "Hure, D."]
[Black "Todorov, T."]
[Result "0-1"]
[WhiteElo "2215"]
[BlackElo "2482"]
[PlyCount "98"]
[EventDate "2014.??.??"]
[SourceDate "2014.10.13"]
[WhiteTeam "Grand Quevilly"]
[BlackTeam "Drancy"]

1. e4 c5 2. Nc3 Nc6 3. g3 g6 4. Bg2 Bg7 5. d3 d6 6. Be3 e5 7. Qd2 Nge7 8. Nge2
Nd4 9. O-O h5 10. f4 Be6 11. fxe5 dxe5 12. Bg5 Qd7 13. Nd1 c4 14. Nec3 O-O 15.
Bf6 Bxf6 16. Rxf6 Kg7 17. Rf2 cxd3 18. Qxd3 Qc7 19. Ne3 Qb6 20. b3 Rac8 21.
Ncd5 Bxd5 22. exd5 Qc5 23. c4 a5 24. g4 hxg4 25. Nxg4 Nef5 26. Raf1 Rce8 27.
Kh1 Rh8 28. Be4 Rh5 29. Bxf5 Nxf5 30. Rf3 f6 31. Qe4 Nd6 32. Qe2 Nf5 33. Qe4 b6
34. Ne3 Nxe3 35. Rxe3 f5 36. Qf3 Qd6 37. Re2 e4 38. Qc3+ Qf6 39. Qg3 Qe5 40.
Qe3 Reh8 41. Rff2 Rh3 42. Qg5 R8h5 43. Qg1 e3 44. Rg2 Qe4 45. Qa1+ Kf7 46. Kg1
f4 47. d6 Qd3 48. Rg4 Qxe2 49. Rxf4+ Rf5 0-1

[Event "Nationale I"]
[Site "?"]
[Date "2014.11.16"]
[Round "3.3"]
[White "Chabanon, JL."]
[Black "Colliou, Y."]
[Result "1-0"]
[WhiteElo "2480"]
[BlackElo "2179"]
[PlyCount "53"]
[EventDate "2014.??.??"]
[SourceDate "2014.10.13"]
[WhiteTeam "Drancy"]
[BlackTeam "Grand Quevilly"]

1. d4 d5 2. c4 e6 3. Nf3 Nf6 4. Nc3 Nbd7 5. Bg5 c6 6. e3 Qa5 7. cxd5 exd5 8.
Nd2 Bd6 9. Bd3 O-O 10. Qc2 Qc7 11. O-O-O b5 12. Kb1 Re8 13. Rc1 Qb6 14. Ne2 Bb7
15. g4 h6 16. Bh4 Nxg4 17. Rhg1 Ngf6 18. Rg2 Bf8 19. Ng3 Kh8 20. Nf5 Rac8 21.
Rcg1 g6 22. Nxh6 Bxh6 23. Bxg6 c5 24. Bxf7 cxd4 25. Qg6 Ne4 26. Nxe4 Rxe4 27.
Qf5 1-0

[Event "Nationale I"]
[Site "?"]
[Date "2014.11.16"]
[Round "3.4"]
[White "Mouhamad, J."]
[Black "Karr, JP."]
[Result "1/2-1/2"]
[WhiteElo "2237"]
[BlackElo "2367"]
[PlyCount "85"]
[EventDate "2014.??.??"]
[SourceDate "2014.10.13"]
[WhiteTeam "Grand Quevilly"]
[BlackTeam "Drancy"]

1. e4 c5 2. Nc3 Nc6 3. f4 g6 4. Nf3 Bg7 5. Bb5 Nd4 6. O-O a6 7. Bc4 b5 8. Bd5
Rb8 9. d3 e6 10. Bb3 Bb7 11. Nxd4 cxd4 12. Ne2 Ne7 13. Qe1 f5 14. e5 Qb6 15.
Qf2 Nc6 16. c3 O-O 17. Nxd4 Nxd4 18. Qxd4 Qxd4+ 19. cxd4 Rfc8 20. Bd2 Bf8 21.
Rfc1 Kf7 22. g3 d5 23. a3 Rxc1+ 24. Rxc1 Rc8 25. Ra1 Bc6 26. Kf2 Be7 27. Ba5
Bd7 28. Ke3 Ke8 29. h3 h5 30. g4 hxg4 31. hxg4 Kf7 32. Rh1 Kg7 33. gxf5 gxf5
34. Rg1+ Kf7 35. Rh1 Kg7 36. Bd1 Rh8 37. Rxh8 Kxh8 38. Bh5 Kg7 39. Bb6 Bh4 40.
Ba5 Kh6 41. Bd1 Be8 42. Bb4 Bh5 43. Bxh5 1/2-1/2

[Event "Nationale I"]
[Site "?"]
[Date "2014.11.16"]
[Round "3.4"]
[White "Bijaoui, M."]
[Black "Le Clezio, S."]
[Result "1-0"]
[WhiteElo "2409"]
[BlackElo "2009"]
[PlyCount "109"]
[EventDate "2014.??.??"]
[SourceDate "2014.10.13"]
[WhiteTeam "Drancy"]
[BlackTeam "Grand Quevilly"]

1. e4 c5 2. Nf3 g6 3. d4 cxd4 4. Nxd4 Nc6 5. c4 Nf6 6. Nc3 d6 7. Nc2 Bg7 8. Be2
O-O 9. O-O b6 10. Rb1 Bb7 11. b3 Rc8 12. Bb2 Qd7 13. Qd2 Rfd8 14. Rfd1 e6 15.
Qe3 Qc7 16. Rd2 Rd7 17. Rbd1 Rcd8 18. f4 e5 19. fxe5 Nxe5 20. h3 h5 21. Nb5 Qc6
22. Bf3 a6 23. Ncd4 Qc8 24. Nc3 Kh7 25. Qf2 Qa8 26. Re2 Re7 27. Bc1 Ned7 28.
Qh4 Rde8 29. Bg5 Kg8 30. Kh1 Bh8 31. Rf1 Re5 32. Bf4 Nxe4 33. Nxe4 Bxe4 34.
Bxe5 Bxf3 35. Nxf3 Nxe5 36. Ng5 Qd8 37. Qf4 f5 38. Rd2 Bf6 39. Nf3 Nxf3 40.
Qxf3 Be5 41. Qc6 Rf8 42. Rfd1 Qg5 43. Qxb6 Qg3 44. Qg1 f4 45. Qf2 Qg5 46. Qf3
Qf6 47. Rd5 Kg7 48. c5 dxc5 49. Rxc5 Re8 50. Re1 Re7 51. Rc6 Re6 52. Rxe6 Qxe6
53. Qxf4 Bxf4 54. Rxe6 a5 55. a3 1-0

[Event "Nationale I"]
[Site "?"]
[Date "2014.11.16"]
[Round "3.6"]
[White "Santarnecchi, M."]
[Black "Mirimanian, H."]
[Result "1-0"]
[WhiteElo "2089"]
[BlackElo "2306"]
[PlyCount "70"]
[EventDate "2014.??.??"]
[SourceDate "2014.10.13"]
[WhiteTeam "Grand Quevilly"]
[BlackTeam "Drancy"]

1. e4 e5 2. Nf3 Nc6 3. Bc4 Nf6 4. d4 exd4 5. e5 d5 6. Bb5 Ne4 7. Nxd4 Bd7 8.
Bxc6 bxc6 9. O-O Bc5 10. f3 Ng5 11. Be3 Qe7 12. f4 Ne4 13. Nd2 Nd6 14. Qe1 Nf5
15. Nxf5 Bxf5 16. Nb3 Bb6 17. Qc3 O-O 18. Nc5 f6 19. Bd4 fxe5 20. fxe5 Rae8 21.
b4 Ra8 22. Rae1 a5 23. a3 axb4 24. axb4 Bg6 25. Rxf8+ Rxf8 26. e6 Re8 27. Qd2
Qh4 28. c3 Bf5 29. g3 Qg4 30. e7 h5 31. Qe3 h4 $138 32. Qe5 hxg3 33. hxg3 Qg6 (
33... Rxe7 $1 34. Qxe7 Qxg3+ 35. Kh1 $11) 34. Rf1 Bh3 35. Rf2 Bc8 {perte au
temps} 1-0

[Event "Nationale I"]
[Site "?"]
[Date "2014.11.16"]
[Round "3.7"]
[White "Pozdnjakov, V."]
[Black "Roussel, J."]
[Result "1-0"]
[WhiteElo "2171"]
[BlackElo "1891"]
[PlyCount "73"]
[EventDate "2014.??.??"]
[SourceDate "2014.10.13"]
[WhiteTeam "Drancy"]
[BlackTeam "Grand Quevilly"]

1. d4 Nf6 2. Nf3 c5 3. d5 e6 4. Nc3 d6 5. e4 Be7 6. Bb5+ Bd7 7. Bxd7+ Qxd7 8.
O-O O-O 9. Re1 exd5 10. Nxd5 Nxd5 11. Qxd5 Na6 12. Bf4 Nc7 13. Qb3 Ne6 14. Bg3
Qc6 15. Rad1 Rfd8 16. Rd5 Rd7 17. Red1 Rad8 18. Qd3 c4 19. Qd2 Nc5 20. Qe2 b5
21. Nd4 Qa6 22. Nf5 Bf8 23. Bh4 Re8 24. Rxc5 dxc5 25. Rxd7 Qxa2 26. f3 Qxb2 27.
Rxa7 g6 28. Ne7+ Kg7 29. Nd5 Qc1+ 30. Qe1 Qxc2 31. Qa1+ Kh6 32. Nf6 $138 (32.
Bg5+ $1 {ordi} Kxg5 33. Qf6+ Kh5 (33... Kh6 34. Qf4+ g5 (34... Kh5 35. Nf6#)
35. Qf6+ Kh5 36. Qxf7+ Kh4 37. g3+ Kh3 38. Qh5#) 34. g4+ Kh6 35. Qf4+ Kg7 36.
Qxf7+ Kh6 37. Qxh7+ Kg5 38. h4#) 32... Re6 33. Rxf7 (33. Ng8+ Kh5 34. g4+ Kxh4
35. Qe1+ Kg5 36. Rxf7) 33... g5 34. Rxf8 gxh4 35. Ng4+ Kh5 36. Rf5+ Kg6 37.
Rf6+ 1-0

[Event "Nationale I"]
[Site "?"]
[Date "2014.11.16"]
[Round "3.8"]
[White "Wandelle, S."]
[Black "Roumegous, M."]
[Result "0-1"]
[WhiteElo "1685"]
[BlackElo "2130"]
[PlyCount "52"]
[EventDate "2014.??.??"]
[SourceDate "2014.10.13"]
[WhiteTeam "Grand Quevilly"]
[BlackTeam "Drancy"]

1. e4 c6 2. d4 d5 3. exd5 cxd5 4. Nf3 Nc6 5. Bb5 Nf6 6. O-O Bg4 7. Be2 e6 8.
Bg5 Bxf3 9. Bxf3 Qb6 10. Bxf6 gxf6 11. c4 dxc4 12. d5 O-O-O 13. Qc2 Ne5 14. Na3
Bxa3 15. bxa3 Nxf3+ 16. gxf3 exd5 17. Rab1 Qe6 18. Kh1 Kb8 19. Qb2 Rd7 20. Rfe1
Qf5 21. Qe2 Rc8 22. Rec1 d4 23. Rb4 d3 24. Rbxc4 Rdc7 25. Qb2 Qxf3+ 26. Kg1
Rg8+ 0-1